[Event "Viareggio Carnevale op 5th"]
[Site "Viareggio"]
[Date "2000.02.25"]
[Round "1"]
[White "Ficco, Corrado"]
[Black "Menichetti, Maurizio"]
[Result "1-0"]
[WhiteElo "2150"]
[BlackElo "1594"]
[PlyCount "67"]
[EventDate "2000.02.25"]
[EventType "swiss"]
[EventRounds "5"]
[EventCountry "ITA"]
[SourceTitle "EXT 2024"]
[Source "ChessBase"]
[SourceDate "2023.10.10"]
[SourceVersion "1"]
[SourceVersionDate "2023.10.10"]
[SourceQuality "1"]

1. e4 e5 2. Nf3 Nc6 3. Bb5 a6 4. Ba4 Nf6 5. 0-0 Nxe4 6. d4 exd4 7. Nxd4 Ne7 8. Bb3 b5 9. Bxf7+ Kxf7 10. Qf3+ Nf6 11. Qxa8 Ned5 12. Bg5 Bc5 13. Nb3 Nb6 14. Qf3 Be7 15. Nc3 h6 16. Bxf6 Bxf6 17. Ne4 Kg8 18. c3 Bg5 19. Rfe1 d6 20. Rad1 Nd7 21. Nxg5 hxg5 22. Nd4 Rh6 23. Qd5+ Kh8 24. Nc6 Qf8 25. Qxg5 Nf6 26. Ne7 Qf7 27. Nxc8 Rg6 28. Qf4 Qd7 29. Ne7 Rg4 30. Qf3 Rg5 31. Rd4 Rh5 32. Ng6+ Kg8 33. Qa8+ Kh7 34. Nf8+ 1-0